000 00928nam a2200301 i 4500
003 EG-GICUC
005 20260228070846.0
008 260228s1913 -uk||||fr|||| 001 0 eng d
040 _aEG-GiCUC
_beng
_cEG-GiCUC
_dEG-GiCUC
_erda
041 0 _aeng
082 0 4 _221
_a341.71092
_bSE . S
092 0 4 _221
099 _aLaw1 11 341.71092 SE . S 1913
100 1 _aSeeley, John R
_eAuthor.
245 1 2 _aA Short History Of N34718 Napoleon The First /
_cBy Sir John R. Seeley.
250 _aEighth Thousand.
264 1 _aLondon :
_bSeeley, Service & Co,
_c1913.
300 _a336 pages,
_c22 cm
336 _2rda content
_atext
337 _2rda media
_aComputer
338 _2rda carrier
_aOnline Resource
500 _aIncludes index.
546 _aText in English
650 1 4 _aPublic international law
856 4 0 _uhttps://fll.law.cu.edu.eg/fulltext/bks/B11-08177.pdf
905 _a48
942 _2ddc
_cBK
_e21
_n0
999 _c64317
_d64317